[Event "World Rapid Women 2022"]
[Site "Almaty KAZ"]
[Date "2022.12.26"]
[Round "1.22"]
[White "Mammadova, Gulnar"]
[Black "Serikbay, Assel"]
[Result "1-0"]
[WhiteTitle "IM"]
[BlackTitle "WIM"]
[WhiteElo "2376"]
[BlackElo "2230"]
[WhiteFideId "13403508"]
[BlackFideId "13706799"]
[EventDate "2022.12.26"]

1. e4 c5 2. Nf3 d6 3. Bb5+ Nd7 4. a4 Nf6 5. Nc3 a6 6. Bc4 e6 7. d4 cxd4 8. Nxd4
Qc7 9. Qe2 Nc5 10. Ba2 Be7 11. O-O O-O 12. f3 b6 13. Be3 Bb7 14. Qf2 Rfd8 15.
Qg3 Rac8 16. Nce2 d5 17. e5 Nh5 18. Qh3 g6 19. f4 Nxa4 20. g4 Ng7 21. Qg3 f6 22.
h4 Nxb2 23. h5 gxh5 24. gxh5 Kh8 25. h6 Nh5 26. Qh3 Rg8+ 27. Kh1 Nc4 28. Bf2
Nxf4 29. Nxf4 fxe5 30. Ndxe6 Qd7 31. Kh2 Bf6 32. Bh4 Qf7 33. Nh5 Rg6 34. Rxf6
Qg8 35. Rxg6 hxg6 36. Bf6+ Kh7 37. Ng5+ 1-0

[Event "World Rapid Women 2022"]
[Site "Almaty KAZ"]
[Date "2022.12.26"]
[Round "1.23"]
[White "Nurgali, Nazerke"]
[Black "Gaponenko, Inna"]
[Result "1/2-1/2"]
[WhiteTitle "WIM"]
[BlackTitle "IM"]
[WhiteElo "2168"]
[BlackElo "2341"]
[WhiteFideId "13711261"]
[BlackFideId "14101181"]
[EventDate "2022.12.26"]

1. d4 Nf6 2. c4 g6 3. Nc3 d5 4. e3 Bg7 5. Nf3 O-O 6. cxd5 Nxd5 7. Bc4 Nxc3 8.
bxc3 c5 9. O-O Qc7 10. Be2 b6 11. a4 Nc6 12. Ba3 Na5 13. Rc1 Rd8 14. Qc2 Bb7 15.
Rfd1 Rac8 16. dxc5 bxc5 17. c4 Bc6 18. h3 Nb7 19. Rxd8+ Rxd8 20. Rd1 Rxd1+ 21.
Bxd1 Qa5 22. Kh2 Nd6 23. Nd2 Be5+ 24. f4 Bg7 25. Qc1 Nf5 26. Nf3 e6 27. Bc2 Nd6
28. Bb3 Bxa4 29. Bxa4 Qxa4 30. Bxc5 Nxc4 31. Qb1 Qe8 32. Bxa7 Nd6 33. Bd4 Bxd4
34. exd4 Nf5 35. Qb7 h6 36. d5 exd5 37. Qxd5 Qe3 38. Qe5 Qf2 39. Qe1 Qa7 40.
Qe8+ Kg7 41. Qe5+ Kh7 42. Qf6 Qe7 43. Qxe7 Nxe7 44. Ne5 Kg7 45. Kg3 Kf6 46. Kf3
Nf5 47. Ng4+ Kg7 48. Ne5 Kf6 49. Ng4+ Kg7 50. Ne5 Kf6 51. Ke4 1/2-1/2

[Event "World Rapid Women 2022"]
[Site "Almaty KAZ"]
[Date "2022.12.26"]
[Round "1.24"]
[White "Arabidze, Meri"]
[Black "Nasybullina, Alfia"]
[Result "0-1"]
[WhiteTitle "IM"]
[BlackTitle "WIM"]
[WhiteElo "2427"]
[BlackElo "2027"]
[WhiteFideId "13604040"]
[BlackFideId "4132416"]
[EventDate "2022.12.26"]

1. d4 Nf6 2. c4 c5 3. d5 e6 4. Nc3 exd5 5. cxd5 d6 6. e4 g6 7. Nge2 Bg7 8. Ng3
O-O 9. Be2 b6 10. O-O Ba6 11. Bg5 h6 12. Be3 Re8 13. f3 Bxe2 14. Qxe2 a6 15. a4
Nbd7 16. Rab1 Qc7 17. Rfc1 Ne5 18. b4 Qe7 19. Bf2 h5 20. Nf1 Nfd7 21. Ne3 Rec8
22. b5 c4 23. Rc2 Nd3 24. Bg3 h4 25. Be1 Nxe1 26. Qxe1 h3 27. Na2 hxg2 28. Nb4
Ne5 29. Qe2 axb5 30. axb5 Qf6 31. Kxg2 Ra3 32. Kh1 Nxf3 33. Rxc4 Rxc4 34. Nxc4
Ra1 35. Rxa1 Qxa1+ 36. Kg2 Nh4+ 37. Kh3 g5 38. Nc6 Ng6 39. Qf3 Qg1 40. Qg3 Qf1+
41. Kg4 Qxc4 42. Qe3 Qf1 43. Kg3 Qf4+ 44. Qxf4 gxf4+ 45. Kf3 Kf8 46. Na7 Bd4 47.
Kg4 Be3 48. Kf3 Ne5+ 49. Ke2 Bc5 50. Nc6 f3+ 51. Kd2 Nc4+ 0-1

[Event "World Rapid Women 2022"]
[Site "Almaty KAZ"]
[Date "2022.12.26"]
[Round "1.26"]
[White "Danielian, Elina"]
[Black "Balabayeva, Xeniya"]
[Result "1-0"]
[WhiteTitle "GM"]
[BlackTitle "WIM"]
[WhiteElo "2431"]
[BlackElo "2183"]
[WhiteFideId "13300210"]
[BlackFideId "13719688"]
[EventDate "2022.12.26"]

1. d4 d5 2. Nf3 Nf6 3. c4 e6 4. e3 a6 5. Nbd2 dxc4 6. Bxc4 b5 7. Bd3 Bb7 8. a4
b4 9. O-O Nbd7 10. a5 c5 11. Re1 Be7 12. e4 cxd4 13. e5 Nd5 14. Ne4 Qc7 15. Bg5
Bxg5 16. Nd6+ Kf8 17. Nxg5 Nf4 18. Rc1 Qd8 19. Ngxf7 Qh4 20. Be4 Bd5 21. Qf3 Ke7
22. Bxd5 Nxd5 23. Nxh8 Rf8 24. Nhf7 Nf4 25. Rc7 Nd5 26. Qxd5 exd5 27. Nf5+ Kxf7
28. Nxh4 1-0

[Event "World Rapid Women 2022"]
[Site "Almaty KAZ"]
[Date "2022.12.26"]
[Round "1.27"]
[White "Mikhaylova, Irina"]
[Black "Girya, Olga"]
[Result "0-1"]
[WhiteTitle "WGM"]
[BlackTitle "GM"]
[WhiteElo "2257"]
[BlackElo "2398"]
[WhiteFideId "4109040"]
[BlackFideId "4195752"]
[EventDate "2022.12.26"]

1. d4 Nf6 2. Nf3 d5 3. c4 e6 4. g3 Be7 5. Bg2 O-O 6. O-O dxc4 7. Qa4 a6 8. Qxc4
b5 9. Qc2 Bb7 10. Rd1 Nbd7 11. Nbd2 c5 12. dxc5 Nxc5 13. Nb3 Qc8 14. Be3 Be4 15.
Qd2 Nxb3 16. axb3 Rd8 17. Qe1 Qb7 18. Rxd8+ Rxd8 19. Rd1 Nd5 20. Bd4 h6 21. Rc1
Nb4 22. Bc3 Na2 23. Rd1 Rxd1 24. Qxd1 Nxc3 25. bxc3 Bf6 26. Ne1 Bxc3 27. Bxe4
Qxe4 28. Qd8+ Kh7 29. Qd3 Qxd3 30. Nxd3 a5 31. e4 a4 32. bxa4 bxa4 33. Nc1 Kg6
34. Kf1 Bb2 35. Na2 h5 36. Ke2 h4 37. f4 Kh5 38. Kf3 h3 39. g4+ Kh4 40. Nb4 a3
41. g5 0-1

[Event "World Rapid Women 2022"]
[Site "Almaty KAZ"]
[Date "2022.12.26"]
[Round "1.28"]
[White "Osmak, Yuliia"]
[Black "Shukhman, Anna"]
[Result "1/2-1/2"]
[WhiteTitle "IM"]
[BlackTitle "WFM"]
[WhiteElo "2451"]
[BlackElo "2161"]
[WhiteFideId "14101602"]
[BlackFideId "54180058"]
[EventDate "2022.12.26"]

1. d4 Nf6 2. c4 g6 3. Nc3 d5 4. cxd5 Nxd5 5. e4 Nxc3 6. bxc3 Bg7 7. Be3 c5 8.
Nf3 O-O 9. Qd2 b6 10. d5 e6 11. Be2 f5 12. exf5 Rxf5 13. dxe6 Qxd2+ 14. Nxd2
Bxe6 15. g4 Rf8 16. Rc1 Nc6 17. O-O Ne5 18. h3 Rad8 19. Rc2 c4 20. a4 Nd3 21. a5
b5 22. a6 Rf7 23. Rb1 Nf4 24. Bxf4 Rxf4 25. Rxb5 Bxc3 26. Rxc3 Rxd2 27. Kf1 Ra2
28. Rb8+ Rf8 29. Rb7 Rxa6 30. Bxc4 Bxc4+ 31. Rxc4 Ra2 32. f4 Rd8 33. Re4 Rd1+
34. Re1 Rxe1+ 35. Kxe1 Ra4 36. f5 gxf5 37. gxf5 Re4+ 38. Kd2 Rf4 39. Rb5 Kg7 40.
Ke3 Rh4 41. Ra5 Kf6 42. Kf3 h5 43. Kg3 Rb4 44. Rxa7 Kxf5 45. Ra5+ Kg6 46. h4
Rg4+ 47. Kh3 Rb4 48. Ra6+ Kf5 49. Ra5+ Kg6 50. Ra6+ 1/2-1/2

[Event "World Rapid Women 2022"]
[Site "Almaty KAZ"]
[Date "2022.12.26"]
[Round "1.29"]
[White "Omonova, Umida"]
[Black "Maltsevskaya, Aleksandra"]
[Result "0-1"]
[WhiteTitle "WFM"]
[BlackTitle "IM"]
[WhiteElo "2052"]
[BlackElo "2400"]
[WhiteFideId "14210363"]
[BlackFideId "24174041"]
[EventDate "2022.12.26"]

1. e4 c5 2. Nf3 Nc6 3. d4 cxd4 4. Nxd4 e6 5. Nc3 a6 6. Be2 Nf6 7. O-O Qc7 8. Be3
Be7 9. f4 d6 10. Qe1 O-O 11. Qg3 Nxd4 12. Bxd4 b5 13. a3 Bb7 14. Bd3 Nh5 15. Qg4
Nf6 16. Qg3 e5 17. Be3 Nh5 18. Qh3 Nxf4 19. Bxf4 exf4 20. Rxf4 g6 21. Raf1 Bc6
22. Kh1 Rae8 23. Qg3 Kg7 24. Qf2 Bg5 25. Rg4 Bd8 26. Ne2 Re5 27. Nd4 h5 28. Nxc6
Qxc6 29. Rf4 Qd7 30. Qd4 Qc6 31. c4 f6 32. b3 Rf7 33. Qe3 d5 34. cxd5 Qxd5 35.
Bc2 Qd6 36. Rd1 Qe7 37. Qd3 Bc7 38. Rff1 Qxa3 39. Ra1 Qe7 40. Rxa6 Rc5 41. e5 f5
42. e6 Rf6 43. b4 Re5 44. Bb3 Kh6 45. Rc6 Re4 46. Qc2 Be5 47. Bd5 Rd4 48. Ba2
Qxb4 49. Rc8 Rh4 50. h3 Rf4 51. Rb1 Qe4 52. Rh8+ Kg7 53. Qxe4 fxe4 54. e7 Rf1+ 0-1

[Event "World Rapid Women 2022"]
[Site "Almaty KAZ"]
[Date "2022.12.26"]
[Round "1.30"]
[White "Tokhirjonova, Gulrukhbegim"]
[Black "Tereladze, Sopio"]
[Result "1/2-1/2"]
[WhiteTitle "WGM"]
[BlackTitle "WIM"]
[WhiteElo "2328"]
[BlackElo "2215"]
[WhiteFideId "14203626"]
[BlackFideId "13600486"]
[EventDate "2022.12.26"]

1. d4 Nf6 2. Nc3 d5 3. Bf4 Bf5 4. e3 e6 5. f3 Bd6 6. Nge2 c5 7. g4 Bg6 8. h4 h5
9. g5 Ng8 10. Nb5 Qa5+ 11. c3 Qxb5 12. Bxd6 Qxb2 13. dxc5 Nc6 14. Qc1 Qxc1+ 15.
Rxc1 Bd3 16. Kd2 Bc4 17. Nf4 Bxf1 18. Rhxf1 Nge7 19. c4 dxc4 20. e4 O-O-O 21.
Ke3 e5 22. Nd5 Nxd5+ 23. exd5 Nd4 24. Rxc4 Nf5+ 25. Kf2 Rhe8 26. Rb1 Rd7 27. a4
Nxd6 28. cxd6+ Kb8 29. Rcb4 Rc8 30. Ke3 Rc5 31. Ke4 f6 32. gxf6 gxf6 33. R1b2 b6
34. Rb5 Rc4+ 35. Kf5 Rxd6 36. a5 Kb7 37. axb6 axb6 38. R2b4 Rxb4 39. Rxb4 Ka6
40. Kg6 b5 41. Rb1 Rxd5 42. Kxf6 Ka5 43. Ke6 Rc5 44. Kd6 Rc3 45. Re1 Rxf3 46.
Rxe5 Ka4 47. Rxh5 b4 1/2-1/2

[Event "World Rapid Women 2022"]
[Site "Almaty KAZ"]
[Date "2022.12.26"]
[Round "1.31"]
[White "Khamdamova, Afruza"]
[Black "Fataliyeva, Ulviyya"]
[Result "0-1"]
[WhiteTitle "WFM"]
[BlackTitle "IM"]
[WhiteElo "2139"]
[BlackElo "2428"]
[WhiteFideId "14210444"]
[BlackFideId "13403052"]
[EventDate "2022.12.26"]

1. e4 e6 2. d4 d5 3. Nd2 Be7 4. Ngf3 Nf6 5. Bd3 c5 6. exd5 exd5 7. dxc5 O-O 8.
O-O Bxc5 9. Nb3 Bb6 10. h3 h6 11. c3 Re8 12. Nbd4 Nc6 13. Be3 Bc7 14. Re1 Be6
15. Nxe6 Rxe6 16. Bf5 Re8 17. Bc2 Qd6 18. Qd3 Ne4 19. Rad1 Rad8 20. Qb5 Nf6 21.
Bc5 Qd7 22. Qd3 Ne4 23. Be3 Re6 24. c4 Nb4 25. Qb3 Nxc2 26. Qxc2 Rg6 27. Kh1 Qc6
28. b3 Rf6 29. Kg1 Rxf3 30. gxf3 Qg6+ 31. Bg5 Qxg5+ 32. Kf1 Nf6 33. cxd5 Bh2 34.
Re3 Nxd5 35. Re4 Qg1+ 36. Ke2 Nc3+ 37. Qxc3 Qxd1+ 38. Ke3 Bc7 0-1

[Event "World Rapid Women 2022"]
[Site "Almaty KAZ"]
[Date "2022.12.26"]
[Round "1.32"]
[White "Tania, Sachdev"]
[Black "Nomindalai, Tumurbaatar"]
[Result "0-1"]
[WhiteTitle "IM"]
[BlackTitle "CM"]
[WhiteElo "2389"]
[BlackElo "2132"]
[WhiteFideId "5007844"]
[BlackFideId "4904095"]
[EventDate "2022.12.26"]

1. d4 d6 2. Nf3 Nf6 3. c4 g6 4. Nc3 Bf5 5. h3 Nc6 6. g4 Bd7 7. Bg2 Bg7 8. Bf4
O-O 9. O-O h5 10. g5 Ne8 11. d5 Ne5 12. Nxe5 dxe5 13. Bd2 Qc8 14. Kh2 Nd6 15. c5
Nf5 16. Rg1 Nh4 17. Bf1 c6 18. Rc1 Nf5 19. e4 Nd4 20. Bg2 cxd5 21. Nxd5 Re8 22.
Be3 Ne6 23. Qd2 Nd4 24. Qd1 Bb5 25. Re1 Bc6 26. f4 Bxd5 27. exd5 Nf5 28. Qd2 Qc7
29. Kg1 Rad8 30. fxe5 Bxe5 31. Bf3 Nxe3 32. Qxe3 Bf4 33. Qf2 Bxc1 34. Rxc1 Qf4
35. Rf1 Qxg5+ 36. Kh1 Qf5 37. Qg2 Rf8 38. Be4 Qe5 39. Rg1 Kh8 40. Bf3 Rc8 41. b4
a5 42. a3 axb4 43. axb4 Ra8 44. d6 exd6 45. Bxb7 Ra1 46. c6 Rxg1+ 47. Kxg1 Qd4+
48. Kh2 Qf4+ 49. Kg1 Qxb4 50. Qe2 Qc5+ 51. Kg2 Qg5+ 52. Kh1 Kh7 53. Kh2 d5 54.
Qg2 Qe5+ 55. Qg3 Qb2+ 56. Qg2 Qe5+ 57. Qg3 Qe2+ 58. Qg2 Qc4 59. Qf2 d4 60. Qe1
Qc5 61. Qf2 Qc4 62. Qe1 Qc2+ 63. Kg3 Qc3+ 64. Kf2 Qxh3 65. Qe7 Qf5+ 66. Ke2 Qc2+
67. Kf3 Qf5+ 68. Ke2 Qb5+ 69. Kd2 Kg7 70. Qd7 Qb2+ 71. Kd3 Qc3+ 72. Ke2 Qe3+ 73.
Kf1 Re8 74. Ba6 Re4 0-1

[Event "World Rapid Women 2022"]
[Site "Almaty KAZ"]
[Date "2022.12.26"]
[Round "1.33"]
[White "Druzhinina, Olga"]
[Black "Garifullina, Leya"]
[Result "0-1"]
[BlackTitle "IM"]
[WhiteElo "2245"]
[BlackElo "2357"]
[WhiteFideId "4141911"]
[BlackFideId "34127035"]
[EventDate "2022.12.26"]

1. e4 c5 2. Nf3 d6 3. Bb5+ Bd7 4. Bxd7+ Qxd7 5. c4 Nf6 6. Nc3 g6 7. d4 cxd4 8.
Nxd4 Bg7 9. f3 O-O 10. Be3 a6 11. Qd2 Nc6 12. Nxc6 Qxc6 13. Rc1 Rac8 14. O-O Qd7
15. Qd3 Rc6 16. b3 Rfc8 17. a4 Qd8 18. Nd5 Rb8 19. a5 Nxd5 20. exd5 Rcc8 21. Bb6
Qd7 22. f4 Qg4 23. Rce1 Re8 24. Re4 Qf5 25. Qe2 e6 26. Bc7 Rbc8 27. Bxd6 Red8
28. g4 Qf6 29. Be5 Qh4 30. dxe6 Bf8 31. exf7+ Kxf7 32. f5 g5 33. Bg3 Qh3 34. Re6
Bc5+ 35. Kh1 Rd2 36. Qf3 Rcd8 37. Qxb7+ R8d7 38. Qf3 R2d3 39. Qg2 Rxg3 40. Qxh3
Rxh3 41. Rc6 Rd2 42. Rc7+ Kf6 43. Rc6+ Bd6 44. Re1 Rdxh2+ 45. Kg1 Rh1+ 46. Kf2
R3h2+ 0-1

[Event "World Rapid Women 2022"]
[Site "Almaty KAZ"]
[Date "2022.12.26"]
[Round "1.34"]
[White "Gong, Qianyun"]
[Black "Kirchei, Viktoriia"]
[Result "1-0"]
[WhiteTitle "WGM"]
[BlackTitle "WFM"]
[WhiteElo "2299"]
[BlackElo "2070"]
[WhiteFideId "8602425"]
[BlackFideId "34133396"]
[EventDate "2022.12.26"]

1. e4 e5 2. Nf3 Nc6 3. Bc4 Bc5 4. c3 Nf6 5. d4 exd4 6. e5 d5 7. Bb5 Ne4 8. cxd4
Bb6 9. Nc3 Bg4 10. Be3 O-O 11. h3 Nxc3 12. bxc3 Bh5 13. g4 Bg6 14. O-O a6 15.
Bd3 Bxd3 16. Qxd3 f6 17. Rae1 Qe7 18. exf6 Qxf6 19. Ng5 g6 20. f4 Rae8 21. Kg2
Na5 22. Nf3 Nc4 23. Bc1 Nd6 24. Ne5 Qg7 25. Ba3 Rf6 26. Qf3 Ne4 27. Rxe4 dxe4
28. Qxe4 c6 29. Qb1 Ba5 30. Qb3+ Kh8 31. Bc1 c5 32. Be3 b5 33. dxc5 g5 34. Bd4
gxf4 35. Qd5 Qe7 36. g5 Rd8 37. gxf6 1-0

[Event "World Rapid Women 2022"]
[Site "Almaty KAZ"]
[Date "2022.12.26"]
[Round "1.35"]
[White "Hajiyeva, Laman"]
[Black "Voit, Daria"]
[Result "1-0"]
[WhiteTitle "WFM"]
[BlackTitle "WGM"]
[WhiteElo "2135"]
[BlackElo "2347"]
[WhiteFideId "13415875"]
[BlackFideId "4182146"]
[EventDate "2022.12.26"]

1. e4 c6 2. d4 d5 3. exd5 cxd5 4. Bd3 Nc6 5. c3 Nf6 6. h3 g6 7. Nf3 Bf5 8. O-O
Qc7 9. Ne5 Nxe5 10. dxe5 Qxe5 11. Bb5+ Bd7 12. Bxd7+ Nxd7 13. Re1 Qd6 14. c4 Bg7
15. Qxd5 Qxd5 16. cxd5 Nb6 17. Nc3 Bxc3 18. bxc3 Nxd5 19. c4 Nc7 20. Bb2 Rg8 21.
Rad1 Rd8 22. Rb1 Ne6 23. a4 Rd7 24. a5 a6 25. Ba3 Kd8 26. Red1 Rxd1+ 27. Rxd1+
Kc7 28. Bxe7 Re8 29. Bd6+ Kc6 30. Ba3 Rd8 31. Rxd8 Nxd8 32. Kf1 Kd7 33. Bb4 Nc6
34. Bc3 Kd6 35. Ke2 Ne5 36. Bxe5+ Kxe5 37. Ke3 Kd6 38. Kd4 Kc6 39. h4 h5 40. f3
f5 41. f4 b6 42. axb6 Kxb6 43. Kd5 a5 44. Kd6 a4 45. c5+ Kb5 46. c6 a3 47. c7 a2
48. c8=Q a1=Q 49. Qc5+ Ka6 50. Qc6+ Ka7 51. Kc7 Qg7+ 52. Kd8 Qg8+ 53. Ke7 Qg7+
54. Ke6 Qb2 55. Kf7 Qf2 56. Qxg6 Qxf4 57. Qxh5 Qc4+ 58. Kg6 Qc6+ 59. Kxf5 Qd5+
60. Kg6 Qg8+ 61. Kf6 Qd8+ 62. Kg7 Qd4+ 63. Kf7 Qc4+ 64. Kf6 Qc6+ 65. Kg7 Qxg2+
66. Qg5 Qb2+ 67. Kh7 Qc2+ 68. Qg6 Qd2 69. h5 Kb7 70. h6 Kc7 71. Kh8 Kd8 72. Qf6+
Ke8 73. h7 Qg2 74. Qg7 Qe4 75. Qf6 Qg4 76. Qg7 Qe4 77. Qb2 Kf7 78. Qf2+ Ke8 79.
Kg7 Qe7+ 80. Kg6 Qe4+ 81. Qf5 Qg2+ 82. Kh6 Qd2+ 83. Qg5 Qd4 84. Qg8+ Ke7 85.
Qg7+ 1-0

[Event "World Rapid Women 2022"]
[Site "Almaty KAZ"]
[Date "2022.12.26"]
[Round "1.36"]
[White "Savitha, Shri B"]
[Black "Balakanova, Bakhyt"]
[Result "1-0"]
[WhiteTitle "WIM"]
[BlackTitle "WFM"]
[WhiteElo "2411"]
[BlackElo "2005"]
[WhiteFideId "35061887"]
[BlackFideId "13705881"]
[EventDate "2022.12.26"]

1. e4 Nf6 2. e5 Nd5 3. Nf3 d6 4. c4 Nb6 5. d4 Bg4 6. exd6 exd6 7. Nc3 Be7 8. h3
Bh5 9. Be3 Nc6 10. Bd3 Bf6 11. g4 Bg6 12. g5 Be7 13. h4 Bh5 14. b3 Qd7 15. Be4
f5 16. gxf6 Bxf6 17. Qd3 g6 18. O-O-O O-O-O 19. Bg5 Rhf8 20. Rd2 Bxf3 21. Bxf3
Bxg5 22. hxg5 Nxd4 23. Bxb7+ Kxb7 24. Qxd4 Rf5 25. Ne4 Qc6 26. Rxh7 d5 27. Nc5+
Ka8 28. Na6 Rc8 29. Nb4 Qe6 30. cxd5 Qe1+ 31. Kb2 a5 32. Nc2 Nc4+ 33. Qxc4 Qxd2
34. d6 Qxd6 35. Rh3 Rxg5 36. Rd3 Qf6+ 37. Rc3 Rf5 38. f4 Rxf4 39. Qd5+ c6 40.
Qxa5+ Kb8 41. Qb6+ Ka8 42. Qa6+ Kb8 43. Qb6+ Ka8 44. a4 Rf3 45. Qa6+ Kb8 46.
Qb6+ Ka8 47. Qa6+ Kb8 48. Qb6+ Ka8 49. Ne3 c5 50. Qa5+ Kb8 51. Qb5+ Ka8 52. Nd5
Rf2+ 53. Ka3 Qd4 1-0

[Event "World Rapid Women 2022"]
[Site "Almaty KAZ"]
[Date "2022.12.26"]
[Round "1.37"]
[White "Bauyrzhan, Arnash"]
[Black "Mkrtchian, Lilit"]
[Result "0-1"]
[BlackTitle "IM"]
[WhiteElo "2041"]
[BlackElo "2377"]
[WhiteFideId "13706322"]
[BlackFideId "13300601"]
[EventDate "2022.12.26"]

1. e4 e6 2. d4 d5 3. Nd2 Be7 4. e5 c5 5. c3 Nc6 6. Bd3 cxd4 7. cxd4 Qb6 8. Ne2
Nxd4 9. Nxd4 Qxd4 10. Nf3 Qb6 11. O-O Bd7 12. Be3 Bc5 13. Bxc5 Qxc5 14. Rc1 Qb6
15. Ng5 Nh6 16. Qe2 Bc6 17. Rc3 Qd4 18. Nf3 Qf4 19. Bb5 O-O 20. Bxc6 bxc6 21.
Rxc6 a5 22. b3 a4 23. Ra6 axb3 24. axb3 Qb4 25. Rb1 Rab8 26. h3 Nf5 27. Qd2 Rfc8
28. Qxb4 Rxb4 29. Ra4 Rb6 30. g4 Ne7 31. Nd4 Ng6 32. Re1 h6 33. Re3 Rc1+ 34. Kg2
Rd1 35. Kg3 Rb7 36. Kf3 Rc7 37. Ke2 Rb1 38. Ra8+ Kh7 39. Kf3 Rd1 40. Ra4 Rb1 41.
Kg3 Rd1 42. Kf3 Rcc1 43. Ra7 Rxd4 0-1

[Event "World Rapid Women 2022"]
[Site "Almaty KAZ"]
[Date "2022.12.26"]
[Round "1.38"]
[White "Nomin-Erdene, Davaademberel"]
[Black "Samaganova, Aleksandra"]
[Result "1-0"]
[WhiteTitle "IM"]
[BlackTitle "WFM"]
[WhiteElo "2384"]
[BlackElo "1884"]
[WhiteFideId "4900782"]
[BlackFideId "13800221"]
[EventDate "2022.12.26"]

1. e4 c5 2. Nf3 e6 3. d4 cxd4 4. Nxd4 a6 5. c4 Qc7 6. Nc3 Nf6 7. a3 b6 8. Be3
Bb7 9. f3 d6 10. Be2 Nbd7 11. Rc1 Rc8 12. b4 Qb8 13. Qd2 Be7 14. O-O O-O 15. Rc2
Rfe8 16. Rb1 Qa8 17. Na4 Bd8 18. Qc1 Bc7 19. Kh1 h6 20. Nb2 Ne5 21. Nd3 Nfd7 22.
Nf2 Ng6 23. Nb3 Bc6 24. Nd4 Bb7 25. a4 Nge5 26. Nb3 Bc6 27. a5 bxa5 28. Nxa5
Bxa5 29. bxa5 Rb8 30. Bb6 f6 31. Qa3 Nf7 32. Rcb2 Rbc8 33. Nd3 Kh8 34. Nb4 Bb7
35. Rd2 Nde5 36. Rc1 Nc6 37. Nc2 Ne7 38. Nd4 Ng6 39. Nb3 Nf4 40. Bf1 Ng6 41. c5
d5 42. exd5 Bxd5 43. Nd4 Nge5 44. Qe3 Nc6 45. Nc2 Nfe5 46. Ne1 Qb7 47. Qe2 Ra8
48. Rb2 Qf7 49. Qf2 Reb8 50. Rd2 Qb7 51. Qg3 Qe7 52. Rcd1 Nb4 53. h3 Nbc6 54. f4
Nf7 55. Nc2 Qb7 56. Ne3 Ne7 57. Nxd5 Nxd5 58. Bd3 Ne7 59. Bc2 Qc6 60. Rd7 Re8
61. Qd3 f5 62. Rc7 Qb5 63. Qxb5 axb5 64. Rdd7 Nd5 65. Rxf7 Nxc7 66. Bxc7 Ra7 67.
Bb3 Rc8 68. Bxe6 Rcxc7 69. Rf8+ Kh7 70. Rxf5 Rxa5 71. Rf8 b4 72. f5 Ra1+ 73. Kh2
Rc1 74. Bg8+ Kh8 75. Bf7+ Kh7 76. Bg6# 1-0

[Event "World Rapid Women 2022"]
[Site "Almaty KAZ"]
[Date "2022.12.26"]
[Round "1.39"]
[White "Nurgaliyeva, Zarina"]
[Black "Padmini, Rout"]
[Result "1/2-1/2"]
[WhiteTitle "WFM"]
[BlackTitle "IM"]
[WhiteElo "2013"]
[BlackElo "2389"]
[WhiteFideId "13730096"]
[BlackFideId "5029295"]
[EventDate "2022.12.26"]

1. e4 e5 2. Nf3 Nc6 3. Nc3 Nf6 4. Bb5 d6 5. d4 exd4 6. Nxd4 Bd7 7. Bxc6 bxc6 8.
O-O Be7 9. Bf4 O-O 10. e5 dxe5 11. Bxe5 Bd6 12. Bg3 Rb8 13. Nb3 Bf5 14. Nd4 Bd7
15. Nb3 Bf5 16. Nd4 Bd7 1/2-1/2

[Event "World Rapid Women 2022"]
[Site "Almaty KAZ"]
[Date "2022.12.26"]
[Round "1.40"]
[White "Balajayeva, Khanim"]
[Black "Sultanbek, Zeinep"]
[Result "0-1"]
[WhiteTitle "WGM"]
[BlackTitle "WIM"]
[WhiteElo "2379"]
[BlackElo "1891"]
[WhiteFideId "13406396"]
[BlackFideId "13710419"]
[EventDate "2022.12.26"]

1. e4 c5 2. c3 Nf6 3. e5 Nd5 4. Nf3 d6 5. d4 cxd4 6. cxd4 Nc6 7. Bc4 dxe5 8.
dxe5 Be6 9. O-O g6 10. Ng5 Bg7 11. Nxe6 fxe6 12. f4 O-O 13. Nc3 Qb6+ 14. Kh1 Nc7
15. Qg4 Kh8 16. Qh3 Nb4 17. Be3 Qc6 18. Bb3 Rad8 19. a3 Nd3 20. Ne2 Qb5 21. Bxe6
Nxe5 22. Nc3 Qa6 23. Ba2 Nd3 24. Ne4 Bf6 25. f5 gxf5 26. Rxf5 Bxb2 27. Rh5 Qg6
28. Ng5 e6 29. Rxh7+ Kg8 30. Rg1 Nd5 31. Bxd5 Rxd5 32. Rh5 Rff5 33. g4 Rxg5 34.
Bxg5 Nf2+ 35. Kg2 Nxh3 0-1

[Event "World Rapid Women 2022"]
[Site "Almaty KAZ"]
[Date "2022.12.26"]
[Round "1.41"]
[White "Kim, Kristina"]
[Black "Yao, Lan"]
[Result "1/2-1/2"]
[WhiteTitle "WCM"]
[BlackTitle "WIM"]
[WhiteElo "1930"]
[BlackElo "2271"]
[WhiteFideId "13712438"]
[BlackFideId "8610835"]
[EventDate "2022.12.26"]

1. d4 Nf6 2. Bf4 e6 3. e3 b6 4. Nf3 Bb7 5. Be2 d6 6. O-O Be7 7. h3 O-O 8. Nbd2
Nbd7 9. Re1 Ne4 10. Nxe4 Bxe4 11. Nd2 Bb7 12. Bf3 c6 13. c3 Qc7 14. Qb3 Rad8 15.
a4 c5 16. a5 Bc6 17. axb6 axb6 18. Bxc6 Qxc6 19. Ra7 Rfe8 20. Rea1 Nf6 21. Bg3
Rb8 22. R1a6 Nd5 23. Qa4 Qc8 24. Qd7 Qxd7 25. Rxd7 Red8 26. Rxd8+ Rxd8 27. e4
Nf6 28. Rxb6 cxd4 29. cxd4 Kf8 30. f3 Ke8 31. Bh4 Rc8 32. Bg5 h6 33. Be3 d5 34.
e5 Nd7 35. Rb7 Kd8 36. Kf2 Ra8 37. Ke2 Kc8 38. Rb3 Kc7 39. Rc3+ Kb7 40. Rb3+ Kc6
41. Rc3+ Kb7 42. Rb3+ Nb6 43. f4 Ra4 44. g4 g6 45. Kd3 Kc6 46. Rc3+ Kb7 47. Nb3
Ra2 48. Bc1 Nc4 49. Rc2 Kb6 50. Nd2 Nxd2 51. Bxd2 Kb7 52. Kc3 Ra1 53. Rc1 Ra4
54. Kd3 Ra2 55. Bc3 Bd8 56. Rf1 Kc6 57. f5 gxf5 58. gxf5 Bg5 59. fxe6 fxe6 60.
Rf8 Ra1 61. Kc2 Rh1 62. Rf3 Kb5 63. Kb3 Rh2 64. Rg3 Rh1 65. Rf3 Rh2 66. Rg3 Rh1
67. Rf3 Rh2 1/2-1/2

[Event "World Rapid Women 2022"]
[Site "Almaty KAZ"]
[Date "2022.12.26"]
[Round "1.42"]
[White "Mkrtchyan, Mariam"]
[Black "Kaldarova, Ayaulym"]
[Result "1-0"]
[WhiteTitle "WIM"]
[WhiteElo "2364"]
[BlackElo "1832"]
[WhiteFideId "13310828"]
[BlackFideId "13720503"]
[EventDate "2022.12.26"]

1. d4 d6 2. Nf3 g6 3. c4 Bg7 4. g3 Nf6 5. Bg2 O-O 6. Nc3 c6 7. e4 d5 8. cxd5
cxd5 9. e5 Ne8 10. O-O Nc6 11. Be3 Nc7 12. Ne1 Be6 13. Nd3 b6 14. Nf4 Qd7 15.
Rc1 f6 16. Nxe6 Qxe6 17. exf6 Rxf6 18. Qa4 Rd8 19. Rfe1 Qd7 20. f4 a6 21. Bf2 b5
22. Qd1 e6 23. Bh3 Ne7 24. Rc2 Nf5 25. Rce2 h5 26. Nb1 Rf7 27. Qd3 Qd6 28. Nd2
Qb4 29. Nf3 Re7 30. a3 Qc4 31. Qd1 b4 32. Bxf5 gxf5 33. Ng5 bxa3 34. bxa3 Qc6
35. a4 Qe8 36. Qc2 Bf6 37. Kg2 Bxg5 38. fxg5 Qg6 39. Be3 Qg7 40. Bf4 Rde8 41.
Qc5 Rc8 42. Rc1 Qf7 43. Rec2 e5 44. Bxe5 Qe6 45. Qd6 Kf7 46. Qxe6+ Kxe6 47. Rxc7
Rexc7 48. Rxc7 Rg8 49. h4 1-0